LEADER 02342nam 2200565Ia 450 001 9910778206603321 005 20230721022704.0 010 $a1-56793-316-5 035 $a(CKB)1000000000793192 035 $a(OCoLC)471128944 035 $a(CaPaEBR)ebrary10251372 035 $a(SSID)ssj0000280803 035 $a(PQKBManifestationID)11207290 035 $a(PQKBTitleCode)TC0000280803 035 $a(PQKBWorkID)10292208 035 $a(PQKB)10325241 035 $a(MiAaPQ)EBC3301762 035 $a(Au-PeEL)EBL3301762 035 $a(CaPaEBR)ebr10251372 035 $a(EXLCZ)991000000000793192 100 $a20080611d2008 uy 0 101 0 $aeng 135 $aurcn||||||||| 181 $ctxt 182 $cc 183 $acr 200 10$aInside the physician mind$b[electronic resource] $efinding common ground with doctors /$fJoseph S. Bujak 210 $aChicago, Ill. $cHealth Administration Press$dc2008 215 $a1 online resource (138 p.) 225 1 $aAmerican College of Healthcare Executives management series 300 $aBibliographic Level Mode of Issuance: Monograph 311 $a1-56793-298-3 320 $aIncludes bibliographical references. 327 $aUnderstanding the physician culture -- Physician response to forces that are transforming the provider community -- Specific approaches to influencing physician behavior -- Structural changes that can align physicians with healthcare organizations -- Why physicians are barriers to achieving improvements in patient safety and clinical quality -- Engaging physicians in the pursuit of patient safety and enhanced clinical quality -- Why physicians and healthcare organizations distrust each other -- Healthcare leader as an agent of change: challenges and consequences -- Reflections. 410 0$aManagement series (Ann Arbor, Mich.) 606 $aHealth services administration 606 $aHospital-physician relations 606 $aPhysicians 615 0$aHealth services administration. 615 0$aHospital-physician relations. 615 0$aPhysicians. 676 $a362.1068 700 $aBujak$b Joseph S$01481919 801 0$bMiAaPQ 801 1$bMiAaPQ 801 2$bMiAaPQ 906 $aBOOK 912 $a9910778206603321 996 $aInside the physician mind$93699211 997 $aUNINA LEADER 01128nam0 22002651i 450 001 UON00027046 005 20231205102043.960 100 $a20020107f |0itac50 ba 101 $atur 102 $aTR 105 $a|||| ||||| 200 1 $aTarih-i Rusya$eTarih-i Qatarina$fJean-H. Castéra$gcev. Mustafa el-Mevlevi Dervis 205 $as.n.e. 225 p.$g24 cm 210 $aTrad. turca dell'orig. francese$cHistoire de Catherine, impératrice de Russie 215 $aParis$cs.e., 1800 606 $aRussia$xStoria$xTesti in turco$3UONC009020$2FI 686 $aOTT VI BD$cIMPERO OTTOMANO - LETTERATURA - TRAD. DA ALTRE LINGUE$2A 700 1$aCastéra$bJean-Henri$3UONV018444$0841712 702 1$aDERVIS$bMustafa el-Mevlevi$3UONV018445 801 $aIT$bSOL$c20260220$gRICA 899 $aSIBA - SISTEMA BIBLIOTECARIO DI ATENEO E ARCHIVIO STORICO$2UONSI 912 $aUON00027046 950 $aSIBA - SISTEMA BIBLIOTECARIO DI ATENEO E ARCHIVIO STORICO$dSI OTT VI BD 002 $eSI TUR2056 7 002 996 $aTarih-i Rusya$93895298 997 $aUNIOR